Symplectic geometry, groupoids, and integrable systems /
Guardado en:
| Autor Corporativo: | |
|---|---|
| Otros Autores: | , |
| Formato: | Libro |
| Idioma: | English French |
| Publicado: |
New York :
Springer-Verlag,
c1991.
|
| Series: | Mathematical Sciences Research Institute publications ;
20 |
| Materias: | |
| Etiquetas: |
Agregar Etiqueta
Sin Etiquetas, Sea el primero en etiquetar este registro!
|
| LEADER | 01048cam a2200277 a 4500 | ||
|---|---|---|---|
| 001 | MAT.inmabb003289 | ||
| 008 | 910107s1991####nyu######b####100#0#eng## | ||
| 005 | 20160531170821.0 | ||
| 245 | 1 | 0 | |a Symplectic geometry, groupoids, and integrable systems / |c Séminaire Sud Rhodanien de Géométrie à Berkeley (1989) ; P. Dazord, A. Weinstein, editors. |
| 260 | |a New York : |b Springer-Verlag, |c c1991. | ||
| 300 | |a xi, 311 p ; |c 24 cm. | ||
| 440 | 0 | |a Mathematical Sciences Research Institute publications ; |v 20 | |
| 500 | |a Inglés y francés. | ||
| 504 | |a Incluye referencias bibliográficas. | ||
| 510 | 4 | |a MR, |c 91m:58004 | |
| 020 | |a 0387975268 | ||
| 111 | 2 | |a Séminaire sud-rhodanien de géométrie |n (6th : |d 1989 : |c Berkeley, Calif.) | |
| 700 | 1 | |a Dazord, P. |q (Pierre) |4 edt | |
| 700 | 1 | |a Weinstein, Alan, |d 1943- |4 edt | |
| 650 | 0 | |a Groupoids |x Congresses. | |
| 650 | 0 | |a Symplectic geometry |v Congresses. | |
| 084 | |a 58-06 |2 MR | ||
| 010 | |a 91004428 | ||
| 040 | |a DLC |c DLC |d DLC | ||
| 041 | 0 | |a eng |a fre | |
| 859 | |h 58 |i Se471g-6 |p A-6854 |b BIB. MATEMATICA | ||
